| 000 | 00757nam a22002177a 4500 | ||
|---|---|---|---|
| 999 |
_c1391 _d1391 |
||
| 001 | 1391 | ||
| 003 | BD-JhCC | ||
| 005 | 20171018190939.0 | ||
| 008 | 171018s1367 bg |||| |||| 000 0 ben d | ||
| 035 | _a(BD-JhCC)1391 | ||
| 040 |
_aBD-JhCC _dBD-JhCC |
||
| 041 | _aben | ||
| 082 |
_a891.443 _bCHA 1367 |
||
| 100 | _aচট্টোপাধ্যায়, শরৎচন্দ্র | ||
| 245 |
_aপথ-নির্দেশ / _cশরৎচন্দ্র চট্টোপাধ্যায় |
||
| 260 |
_aঢাকা: _bষ্ট্যান্ডার্ড পাবলিশার্স , _c১৩৬৭. |
||
| 300 |
_a৫৯ পৃ. : _c১৭ সেমি. |
||
| 650 | _aBengali Novel | ||
| 942 |
_2ddc _cBK |
||